书目信息 |
| 题名: |
住屋文明与居家生活
|
|
| 作者: | 王东, , 王清华, 著 | |
| 分册: | ||
| 出版信息: | 北京 中国建筑工业出版社 2019.09 |
|
| 页数: | XI, 341页 | |
| 开本: | 26cm | |
| 丛书名: | ||
| 单 册: | ||
| 中图分类: | TU29 | |
| 科图分类: | ||
| 主题词: | 民族建筑--min zu jian zhu--人类学--研究--西南地区 | |
| 电子资源: | ||
| ISBN: | 978-7-112-23954-2 | |
| 000 | 01424nam0 2200277 450 | |
| 001 | 2064700166 | |
| 005 | 20201107175827.48 | |
| 010 | @a978-7-112-23954-2@dCNY78.00 | |
| 100 | @a20191127d2019 em y0chiy50 ea | |
| 101 | 0 | @achi |
| 102 | @aCN@b110000 | |
| 105 | @aa a 000yy | |
| 200 | 1 | @a住屋文明与居家生活@Azhu wu wen ming yu ju jia sheng huo@e西南民族地区建筑人类学研究@f王东, 王清华著 |
| 210 | @a北京@c中国建筑工业出版社@d2019.09 | |
| 215 | @aXI, 341页@c图@d26cm | |
| 300 | @a2018年度贵州省哲学社会科学规划一般课题《西南民族地区住屋文明与居家生活》 (课题编号: 18GZYB28) 结题成果 | |
| 314 | @a王东, 研究方向为建筑人类学、建筑美学等。王清华, 毕业于云南大学历史系。 | |
| 320 | @a有书目 | |
| 330 | @a本书以建筑学和人类学为主干学科支撑, 立足近十年来对西南聚落与建筑的田野调查所获取的扎实资料, 反思当前西南各省建筑研究现状, 采取不以民族为纲, 不以行政区划为界, 就问题阐述问题的宏观思路, 以典型建筑和聚落为点, 以民族文化为线, 以西南这个空间为面的“点—线—面相结合”的具有研究思路。结合历史地理学、社会学、民俗学等学科的相关理论对西南民族的建筑文明与居家生活展开系统深入的研究。 | |
| 517 | 1 | @a西南民族地区建筑人类学研究@Axi nan min zu di qu jian zhu ren lei xue yan jiu |
| 606 | 0 | @a民族建筑@Amin zu jian zhu@x人类学@x研究@y西南地区 |
| 690 | @aTU29@v5 | |
| 701 | 0 | @a王东,@Awang dong@f1986-@4著 |
| 701 | 0 | @a王清华,@Awang qing hua@f1955-@4著 |
| 801 | 0 | @aCN@b人天书店@c20200927 |
| 905 | @aZUCC@dTU29@eW152 | |
| 住屋文明与居家生活:西南民族地区建筑人类学研究/王东, 王清华著.-北京:中国建筑工业出版社,2019.09 |
| XI, 341页:图;26cm |
| 2018年度贵州省哲学社会科学规划一般课题《西南民族地区住屋文明与居家生活》 (课题编号: 18GZYB28) 结题成果 |
| ISBN 978-7-112-23954-2:CNY78.00 |
| 本书以建筑学和人类学为主干学科支撑, 立足近十年来对西南聚落与建筑的田野调查所获取的扎实资料, 反思当前西南各省建筑研究现状, 采取不以民族为纲, 不以行政区划为界, 就问题阐述问题的宏观思路, 以典型建筑和聚落为点, 以民族文化为线, 以西南这个空间为面的“点—线—面相结合”的具有研究思路。结合历史地理学、社会学、民俗学等学科的相关理论对西南民族的建筑文明与居家生活展开系统深入的研究。 |
| ● |
| 相关链接 |
|
|
|
正题名:住屋文明与居家生活
索取号:TU29/W152
 
预约/预借
| 序号 | 登录号 | 条形码 | 馆藏地/架位号 | 状态 | 备注 |
| 1 | 1486437 | 214864379 | 建筑库101/101建筑库 73排2列2层/ [索取号:TU29/W152] | 在馆 | |
| 2 | 1486438 | 214864388 | 建筑库101/101建筑库 73排2列2层/ [索取号:TU29/W152] | 在馆 |